Recommendations for improving cholesterol measurement : executive summary /

Bibliographic Details
Corporate Authors: National Cholesterol Education Program (U.S.). Laboratory Standardization Panel, National Heart, Lung, and Blood Institute, National Institutes of Health (U.S.)
Format: Government Document Book
Language:English
Published: Bethesda, Md. : U.S. Dept. of Health and Human Services, Public Health Service, National Institutes of Health, [1990]
Series:NIH publication ; no. 90-2964 A.
Subjects:

MARC

Tag First Indicator Second Indicator Subfields
LEADER 00000cam a2200000 a 4500
001 in00000926876
005 20150924202300.0
008 900322s1990 mdu f00010 eng d
010 |a gp 90014427  
035 |a (OCoLC)21254234 
035 |9 AEQ8767AM 
040 |a HEW  |c HEW  |d GPO  |d UtOrBLW 
043 |a n-us--- 
074 |a 507-E-1 
086 0 |a HE 20.3202:C 45/18/exec.sum. 
090 |a RB45  |b .N27 1990a 
110 2 |a National Cholesterol Education Program (U.S.).  |b Laboratory Standardization Panel. 
245 1 0 |a Recommendations for improving cholesterol measurement :  |b executive summary /  |c a report from the Laboratory Standardization Panel of the National Cholesterol Education Program. 
264 1 |a Bethesda, Md. :  |b U.S. Dept. of Health and Human Services, Public Health Service, National Institutes of Health,  |c [1990] 
300 |a 16 pages ;  |c 28 cm. 
336 |a text  |b txt  |2 rdacontent 
337 |a unmediated  |b n  |2 rdamedia 
338 |a volume  |b nc  |2 rdacarrier 
490 1 |a NIH publication ;  |v no. 90-2964 A 
500 |a "Coordinated by the National Heart, Lung, and Blood Institute." 
500 |a Shipping list number: 90-150-P. 
500 |a "February 1990." 
650 0 |a Blood cholesterol  |z United States  |x Measurement. 
710 2 |a National Heart, Lung, and Blood Institute. 
710 2 |a National Institutes of Health (U.S.) 
740 0 |a Improving cholesterol measurement. 
830 0 |a NIH publication ;  |v no. 90-2964 A. 
999 |a MARS 
999 f f |s 855439eb-67d1-3de0-a6cf-7f9b066a9cec  |i 7448c87b-a4d1-3a24-9cca-67bcdb6f2f81  |t 0 
952 f f |p normal  |a Texas A&M University  |b College Station  |c Sterling C. Evans Library  |d Evans: US Documents (Annex 5th floor)  |t 0  |e HE 20.3202:C 45/18/exec.sum.  |h Superintendent of Documents classification  |i unmediated -- volume  |m A14814303564 
998 f f |a HE 20.3202:C 45/18/exec.sum.  |t 0  |l Evans: US Documents (Annex 5th floor)